00887 2200361 4500001002100000005001700021008004100038035002400079082001500103090002500118100001900143245005500162250001100217260002900228300001800257650002900275700001300304850001200317980001500329985000600344999001500350999001500365999001500380999001500395999001500410999001500425999001500440999001500455999001600470999001500486990001200501990001200513YOGYA-0209000006456820090227040318.0 ind  0010-020900000064568 a899.211161 a899.211161bKad ClT aKADIR, Ibrahim aCencin polacIbrahim Kadir ; penterjemah, L.K. Ara aCet. 1 aJakartabDepdikbudc1980 a55 hlmc21 cm aKesasteraan Gayo - Puisi aAra, L.K aYOPDYOG a06-08-2008 a9 aa000057496 aa000057497 aa000057498 aa000057499 aa000057500 aa000057501 aa000057502 aa000058026 aa0000580275 aa000058028 a57497-a a57497-a